| 000 -ლიდერი |
| ფიქსირებული სიგრძის საკონტროლო ველი |
01395nam a22002297a 4500 |
| 003 - საკონტროლო ნომრის იდენტიფიკატორი |
| საკონტროლო ველი |
Ge_BSU |
| 005 - ბოლო ოპერაციის თარიღი და დრო |
| საკონტროლო ველი |
20221221150215.0 |
| 008 - ფიქსირებული სიგრძის მონაცემთა ელემენტები - ზოგადი ინფორმაცია |
| ფიქსირებული სიგრძის საკონტროლო ველი |
200727s2020 ge ||||| |||| 00| 0 geo d |
| 041 ## - ენის კოდი |
| Language code of text/sound track or separate title |
geo |
| 080 ## - უნივერსალური ათობითი კლასიფიკაციის ინდექსი |
| Universal Decimal Classification number |
82 ბ-52 |
| 100 ## - მთავარი ჩანაწერი - პიროვნების სახელი |
| Personal name |
ბერიძე, ლოლა |
| 9 (RLIN) |
9040 |
| 245 ## - ცნობა სათაურის შესახებ |
| Title |
სამეტყველო ეტიკეტის თავისებურებები სატელევიზიო დისკურსში : |
| Remainder of title |
ინგლისური და ქართული ენების მასალებზე დაყრდნობით / |
| Statement of responsibility, etc |
ლოლა ბერიძე, სამეცნ. ხელმძღვ. ირინე გოშხეთელიანი. |
| 264 ## - წარმოების, გამოცემის, დისტრიბუციის და სხვა ცნობები |
| გამოცემის, წარმოების, დისტრიბუციის... ადგილი |
ბათუმი, |
| გამოცემის, წარმოების, დისტრიბუციის... თარიღი |
2020 |
| 300 ## - ფიზიკური აღწერა |
| Extent |
147 გვ. |
| Other physical details |
30 სმ. |
| 501 ## - შენიშვნა თანმხლებ მასალაზე |
| With note |
დანართი გვ. 129-147 |
| 504 ## - BIBLIOGRAPHY, ETC. NOTE |
| Bibliography, etc |
ბიბლიოგრ. გვ. 115-129
|
| 653 ## - INDEX TERM--UNCONTROLLED |
| Uncontrolled term |
ფილოლოგია |
| 653 ## - INDEX TERM--UNCONTROLLED |
| Uncontrolled term |
დისერტაცია |
| 700 ## - ADDED ENTRY--PERSONAL NAME |
| Personal name |
გოშხეთელიანი, ირინე |
| Relator term |
სამეცნ. ხელმძღვ. |
| 9 (RLIN) |
9041 |
| 710 ## - ADDED ENTRY--CORPORATE NAME |
| Corporate name or jurisdiction name as entry element |
ბათუმის შოთა რუსთაველის სახელმწიფო უნივერსიტეტი |
| 9 (RLIN) |
9042 |
| Relator term |
ჰუმანიტარულ მეცნიერებათა ფაკულტეტი |
| 942 ## - ADDED ENTRY ELEMENTS (KOHA) |
| Source of classification or shelving scheme |
|
| Koha item type |
დისერტაცია |